ΧΑΡΑΚΤΗΡΕΣ ΤΟΥ ΠΑΡΑ 5 - Statistics

General Stats
  • This quiz has been taken 5 times
  • The average score is 40 of 55
Answer Stats
Hint Answer % Correct
1 Νταλια Χατζηαλεξανδρου
100%
2 Ζουμπουλια Αμπατζιδου
100%
3 Φωτης Βουλινος
100%
4 Σπυρος Δελογλου
100%
5 Αγγελα Ιωακειμιδου
100%
6 Αλεξης Στεργιου
100%
7 Ριτσα
100%
8 Μαρθα
100%
10 Αννα Αμπατζιδου
100%
11 Χαραλαμπος Αμπατζιδης
100%
15 Θωμας Βουλινος
100%
18 Φριντα Παπαπαρασκευα
100%
19 Σοφια Μπαξεβανη
100%
22 Θεοπουλα Τζινη
100%
23 Αμαλια Αντωνοπουλου
100%
24 Γαρυφαλλια (Κοντη)
100%
25 Βασιλης Τζινης
100%
26 Ζαννα Ιωαννου
100%
27 Ανδρεας Καλογηρου (Ο τυπος με τα μαυρα)
100%
28 Νικος Καλαθας (Ο ψηλος)
100%
29 Αρης Παυρινος
100%
30 Δημοσθενης Πολιτης
100%
32 Γιαννης Δελικαρης
100%
33 Κωνσταντινος Καστελης
100%
41 Τζακ (Καμεραμαν Τηλεβοα)
100%
44 Τιμος (Σερβιτορος Καμπινγκ)
100%
46 Ελενα (Γραμματεας Σταυριανιδη)
100%
9 Μαριλενα Δορκοφικη
67%
12 Εγγονος Ζουμπουλιας
67%
13 Αλεξανδρος Δορκοφικης
67%
14 Αποστολος Ιωακειμιδης
67%
16 Αλεξανδρα Βουλινου
67%
21 Δημητρα Δελογλου
67%
34 Παυλος Μανοβιρογιαννακης (Πατερας)
67%
35 Αποστολος Μανοβιρογιαννακης (Γιος)
67%
39 Ευαγγελος Σταυριανιδης
67%
40 Αβρααμ Λετζος
67%
43 Φωτεινη Κουτσιουμαρη
67%
45 Ντινα (Νοσοκομα)
67%
51 Αριστειδης Πολιτης (Πατερας Δημοσθενη Πολιτη)
67%
54 Γυναικα Σταυριανιδη
67%
17 Κυριακη Βουλινου
33%
20 Ευστρατιος Δελογλου
33%
31 Χρηστος Λημνιωτης
33%
37 Ελευθερια Ασλανογλου
33%
38 Περικλης Ασλανογλου
33%
42 Γερασιμος Βενετοπουλος
33%
48 Αναστασιος Τζουμανης (Υπαστηνομος)
33%
49 Τουλα Τοκαλιδου
33%
50 Ντονα
33%
52 Μιμη Ντενιση
33%
53 Ισιδωρος Δρουγκος
33%
55 Ραλφ Ποστλθγουειντ
33%
36 Κατερινα Ασλανογλου
0%
47 Λευτερης (Ο μπακαλης)
0%
No matching quizzes found
Score Distribution
Percent of People with Each Score
Percentile by Number Answered
Your Score History
You have not taken this quiz